| 000 | 01170cam a2200229 4500 | ||
|---|---|---|---|
| 001 | ABS66160 | ||
| 008 | 021120n2002 000 0 eng u | ||
| 035 | _a(Sirsi) u120521 | ||
| 100 | _aGummer, J | ||
| 245 | _aDevelopers must bend to tenants' demands | ||
| 260 | _c2002 | ||
| 490 |
_aEstates Gazette _v(0245) 9 November 2002, 57(1) |
||
| 520 | _aExamines the weakening rental market in London and the need for developers to act more flexibly. Comments that many names in the industry have found themselves with overcapacity where space formerly earmarked for growth is now a drain on resources. Argues that new areas of interest available to management services will be a growing area of interest such as attention to the margins and energy efficiency. Predicts further difficult times ahead for the market with certain social costs in the UK rising and exclusion from the Eurozone affecting inward investment. | ||
| 590 | _aABS | ||
| 650 | _aRENTAL MARKET | ||
| 650 | _aBUILDING MANAGEMENT | ||
| 650 | _aOFFICE SPACE | ||
| 650 | _aENERGY EFFICIENCY IN BUILDINGS | ||
| 650 | _aCOVENANTS | ||
| 690 | _aLANDLORD AND TENANT-BUSINESS TENANCIES | ||
| 942 | _n0 | ||
| 999 |
_c71603 _d71603 |
||